Political science in contemporary Spain : an overview / by Josep M. Vallès an overview / by Josep M. Vallès
Descripción Física:
57 p. ; 21 cm
Materias:
Espanya. -- Política i govern
MARC
| LEADER | 00000nam a2200000Ia 4500 | ||
|---|---|---|---|
| 001 | 16375 | ||
| 008 | 160829s1989 xx 000 0 cat d | ||
| 080 | |a M-5-14 | ||
| 100 | |a Vallès, Josep M. |q (Josep Maria), |d 1940- |9 17155 | ||
| 245 | |a Political science in contemporary Spain : |b an overview / by Josep M. Vallès | ||
| 260 | |a Barcelona : |b Institut de Ciències Polítiques i Socials, |c 1989 | ||
| 300 | |a 57 p. ; |c 21 cm | ||
| 490 | |a Working papers / Institut de Ciències Polítiques i Socials | ||
| 590 | |a Referències bibliogràfiques | ||
| 610 | 0 | |a Espanya. |x Política i govern |9 9716 | |
| 710 | 2 | |a Institut de Ciències Polítiques i Socials (Barcelona, Catalunya) |9 55871 | |
| 901 | |a Arxiu | ||
| 942 | |n 1 | ||
| 952 | |0 0 |1 0 |4 0 |6 M514 |7 1 |9 43740 |a Arxiu |b Arxiu |d 2016-12-01 |l 0 |o M-5-14 |p 16375 |r 2016-12-01 00:00:00 |w 2016-12-01 |y ARXIU | ||
| 999 | |c 46288 |d 46288 | ||